00880nam a2200229 a 4500008004100000020001500041050001600056100002300072245005100095246003200146260003700178300002300215350000900238500005300247650004100300650001900341650002600360700001800386995009700404999001700501952013200518120416s1990 ||||||||||||||||| || u a0934540624 aJF 1351 Pub aWildavsky, Aaron B10aPublic administrationcedited by Naomi B. Lynn athe state of the discipline aNew DelhibEast-West Pressc1990 axix, 540 p. : ill. a0.00 aIncludes bibliographical references and indexes. aPUBLIC ADMINISTRATION--UNITED STATES aADMINISTRATION aPUBLIC ADMINISTRATION aLynn, Naomi B D0.00FCBU-MAIN LIBRARY (Kitwe)H1I100.00M1UAVAILABLEZMain Library Open Access Collection c55252d55252 00102lcc4070a001b001cMain Library Open Access Collectiond2022-11-30l0oJF 1351 Pubp007573r2022-11-30w2022-11-30y002